| 000 | 00935nam a2200277 a 4500 | ||
|---|---|---|---|
| 008 | |||
| 020 | _a9780721603988 (hardback) | ||
| 040 |
_aNUST _cNUST |
||
| 049 | _aMAIN | ||
| 090 |
_aRD41 _bATL |
||
| 245 | 1 | 0 |
_aAtlas of general surgical techniques/ _c[edited by] Courtney M Townsend Jr & B Mark Evers. |
| 260 |
_aPhiladelphia, PA : _bSaunders/Elsevier, _c2010. |
||
| 300 |
_axvi, 1200 pages : _billustrations ; _c31 cm. |
||
| 336 |
_atext _btxt _2rdacontent |
||
| 337 |
_aunmediated _bn _2rdamedia |
||
| 338 |
_avolume _bnc _2rdacarrier |
||
| 500 | _aIncludes index. | ||
| 504 | _aIncludes bibliographical references. | ||
| 650 | 1 |
_aSurgical Procedures, Operative _xmethods _vAtlases. |
|
| 700 |
_aTownsend, Courtney M., _aeditor. |
||
| 700 |
_aEvers, B Mark., _aeditor. |
||
| 907 |
_a.b10413893 _b22-02-22 _c22-02-22 |
||
| 003 | |||
| 005 | 20230120204336.0 | ||
| 942 |
_cBOOKS _kRD41 _mATL |
||
| 999 |
_c121536 _d121536 |
||